Medicinal plants : (Record no. 20035)

MARC details
000 -LEADER
fixed length control field 00497nam a22001697a 4500
008 - FIXED-LENGTH DATA ELEMENTS--GENERAL INFORMATION
fixed length control field 230307b |||||||| |||| 00| 0 eng d
020 ## - INTERNATIONAL STANDARD BOOK NUMBER
International Standard Book Number 978-9351309918
050 ## - LIBRARY OF CONGRESS CALL NUMBER
Classification number SB293
Item number .N35
100 ## - MAIN ENTRY--PERSONAL NAME
Personal name Nakar, R.N.
245 ## - TITLE STATEMENT
Title Medicinal plants :
Remainder of title Cultivation and uses/
Statement of responsibility, etc. R.N. Nakar, H. L. Dhaduk & V. P. Chovatia
260 ## - PUBLICATION, DISTRIBUTION, ETC. (IMPRINT)
Place of publication, distribution, etc. New Delhi
Name of publisher, distributor, etc. Daya publishing House
Date of publication, distribution, etc. 2016
300 ## - PHYSICAL DESCRIPTION
Extent XX, 555p.
650 ## - SUBJECT ADDED ENTRY--TOPICAL TERM
Topical term or geographic name as entry element Medicinal plants
700 ## - ADDED ENTRY--PERSONAL NAME
Personal name Dhaduk, H. L.
700 ## - ADDED ENTRY--PERSONAL NAME
Personal name Chovatia, V. P.
942 ## - ADDED ENTRY ELEMENTS (KOHA)
Source of classification or shelving scheme Library of Congress Classification
Koha item type General Collection
Holdings
Withdrawn status Lost status Source of classification or shelving scheme Not for loan Home library Current library Date acquired Cost, normal purchase price Inventory number Total Checkouts Full call number Barcode Date last seen Copy number Price effective from Koha item type
    Library of Congress Classification   Kabarak, Main Campus Kabarak, Main Campus 07/03/2023 17101.00 2174/2022   SB293 .N35 2016 C.1 34631 07/03/2023 C.1 07/03/2023 General Collection
Designed with assistance from East African Informatics Ltd